000 00584nam a22002057a 4500
003 OSt
005 20220418085906.0
008 110301s2021 dr a 000 0 spa d
020 _a9789945628524
040 _aDO-SdBNP
_bspa
_cBNPHU
082 _axxxx
_bA162p
100 1 _aAbreu, Reyna
_953018
245 1 3 _aEl privilegio de cumplir cincuenta /
_cReyna Abreu
260 _aSanto Domingo :
_bBien-etre,
_c2021.
300 _a91 p. :
_c21 cm.
500 _aIncluye datos biográficos de la autora.
590 _aInventariado, 2022/ YL
910 _aYLockward
942 _2ddc
_cLBS1
999 _c51536
_d51536